000 01058nam a22003137a 4500
003 CHAP
005 20220329133629.0
008 971013s1987 mx a r 00010 spa d
010 _a8809
011 _a9781
035 _a9017
040 _cCHAP
082 0 4 _a574.192
_bB6Y 1983
100 0 0 _aBohinski, Robert C.
_913430
245 1 _aBioquímica
260 _aMéxico :
_bSistemas Técnicos de Edición,
_c1987
300 _a620 p.
_b: ilus
500 _aTrad. de : Modern concepts in Biochemistry de la 4 ed. de 1983
590 _aBATCH-UPD
_b10
_c20130110
_lUCH01
_h0139
590 _aBATCH-UPD
_b10
_c20130110
_lUCH01
_h2044
590 _aBATCH-UPD
_b10
_c20130410
_lUCH01
_h1358
590 _aBATCH-UPD
_b10
_c20130914
_lUCH01
_h0643
590 _aCONVERSION
_b10
_c20130109
_lUCH01
_h1306
650 1 4 _aBioquímica.
_912849
901 _aBK
942 _cLIBRO
949 _a574.192 B6Y 1983
_bBC
_cLIBRO
_d33724000938825
_eLIBRO
_gI.c/e
_h77343
_i9017
_so
_t42.00
949 _a574.192 B6Y 1983
_bBC
_cLIBRO
_d33724002252884
_eLIBRO
_fc.2
_gI.c/e
_h77344
_i9017
_so
_t42.00
999 _c8809
_d8809